000 00392nam a2200169 i 4500
001 bg
100 1 _aOKOŃ, Wincenty
245 0 _aSłownik pedagogiczny /
_cWincenty Okoń.
250 _aWyd.2 zm. i rozsz.
260 _aWarszawa,
_c1981.
650 9 _aPedagogika
655 _aSłowniki
040 _cBPK
041 _apol
942 _cKS
008 s pl f |000 0 pol
999 _c20111
_d20111
856 _uhttp://koha.tu.koszalin.pl/cgi-bin/koha/opac-detail.pl?biblionumber=20111
_yKatalog online BPK